00381nam a2200157Ia 4500003000400000008004100004040001600045082001300061100001700074245003100091260003000122300001000152490002400162650001500186650002200201GCL140319s9999 xx 000 0 eng d aGCL / cGCL04a843bB M1 aBOSCO, HENRI10aMALICRAIX / cBOSCO, HENRI a[S.N] : bFOLIO ، c1994 a383 P aCOLLECTION FOLIOv004aLITERATURE04aFRENCH LITERATURE